Conquista de la pampa
محفوظ في:
| المؤلف الرئيسي: | |
|---|---|
| التنسيق: | كتاب |
| اللغة: | الإسبانية |
| منشور في: |
Rosario
Biblioteca
1969
|
| سلاسل: | Apertura, 4
|
| الموضوعات: | |
| الوسوم: |
إضافة وسم
لا توجد وسوم, كن أول من يضع وسما على هذه التسجيلة!
|
MARC
| LEADER | 00000nam a2200000 a 4500 | ||
|---|---|---|---|
| 001 | UCH2225 | ||
| 003 | CL-VaPUC | ||
| 008 | 090604e19690000AG |||||||||||||||||spa|d | ||
| 082 | 0 | 4 | |a Ar863 |b PRA |2 21 |
| 100 | 0 | |a Prado, Manuel |e author |9 509187 | |
| 245 | 1 | 0 | |a Conquista de la pampa |
| 300 | |a 60 p | ||
| 942 | |c BK | ||
| 945 | |d 20090604 00:00:00 |a rbrito | ||
| 260 | |a Rosario |b Biblioteca |c 1969 | ||
| 650 | 7 | |a PROSA ARGENTINA |2 CL-VaPUC |9 320595 | |
| 650 | 7 | |a CUENTOS ARGENTINOS |2 CL-VaPUC |9 536898 | |
| 583 | |a last modification |c 20090604 00:00:00 |k Rodrigo Vera | ||
| 490 | 0 | |a Apertura, 4 | |
| 999 | |c 334012 |d 334010 | ||
| 952 | |0 0 |1 0 |4 0 |6 AR_863_000000000000000_PRA_1969 |7 0 |8 X |9 422714 |a FDOBUD |b FDOBUD |d 2019-11-22 |i 4555163 |o Ar863 PRA 1969 |p 4555163 |r 2019-11-22 |w 2019-11-22 |y BK_X |k BUD | ||